000 00885nam a22002897a 4500
001 BR6005439
003 BR-BrBNA
005 20230928083226.0
007 ta
008 230509b bl.||||| |||| 00| 0 por d
040 _aBR-BrBNA
_bpor
_cBiblioteca Nacional de Agricultura
041 _a(Por)
072 _aF00; F30; H70
_b0120
_b/G514
090 _ 0120 BR6005439
110 1 _aSecretaria da Agricultura, Porto Alegre, RS (Brasil)
_98480
111 1 _a8. Reuniao Brasileira de Milho
_cPorto Alegre, RS (Brazil)
_d27 Jul 1970
245 1 _a8. Reuniao Brasileira de Milho [Zea mays]
260 3 _aPorto Alegre, RS (Brasil):
_c1970.
300 _a142 p.
500 _a20 graphs; 28 tables
650 _aProducao vegetal
650 _aMelhoramento genetico vegetal
650 _aProduto armazenado
650 _aMilho
909 _a202309
_bLucia
_c55
_dLucia Elande
942 _cBK
999 _c12250
_d12250